000
00339nam a2200145Ia 4500
005
20250526032538.0
008
240331s9999 xx 000 0 und d
082
_b
JAY
_a
302
100
_a
Jayasundara, T
245
0
_a
Cinema satahan
260
_a
Kandy
_b
Sampath printing press
_c
1994
300
_a
39 p .,
650
_a
Cinema
942
_c
L
999
_c
1401
_d
1401